00645nam a2200193Ia 4500003000900000008004100009040001600050080001500066100002900081245005500110260004700165300001400212650004200226650004200268650001900310942000700329999001500336952010000351IN-BaIIA211028s9999 xx 000 0 eng d cIIA Library a92:53bLIV aLivingston, D. M.911268 4aThe master of lightcDorothy Michelson Livingston. aChicagobUniversity of Chicago Pressc1973 axi, 376p. aAlbert A Michelson - Biography911269 aBiography - Albert A Michelson911270 aNASA thesaurus cBK c6582d6582 00104070aBANbBANcGENd1980-10-09l0o92:53/ LIVp7318r2021-11-05w1980-10-09yBKG£ 4.20